00624nam a2200157Ia 4500008004100000020001500041050002400056100002800080245006700108250001800175260003400193300001800227505017500245650002600420650002000446120626s2009 mx 000 0 spa d a970076186X aHV6250.25bM37 2009 aMarchiori, Hildaeautor10aCriminologíab : la víctima del delitoc / Hilda Marchiori a7a. edición3 aMéxicob : Porrúac, 2009 a212 páginas aVíctima del delito Estudios victimológicos Delito y víctima Relación autor-víctima del delito Víctima y procesos de victimización Asistencia victimológica 0aVÍCTIMAS DE DELITOS 0aCRIMINOLOGÍA